| 000 | 00385nam a2200157Ia 4500 | ||
|---|---|---|---|
| 005 | 20250430064747.0 | ||
| 008 | 240331s9999 xx 000 0 und d | ||
| 020 | _a955803388X | ||
| 082 |
_a808 _bBLA |
||
| 100 | _aIbusai,M | ||
| 245 | 0 |
_aBlack rain : _bkalu warusa |
|
| 260 |
_aDehiwala _bVidarshana Publishers _c2006 |
||
| 300 | _a328 p ., | ||
| 650 | _aDocumentary Novel | ||
| 942 | _cL | ||
| 999 |
_c5153 _d5153 |
||